| 000 | 00429nam a2200157 i 4500 | ||
|---|---|---|---|
| 001 | 69328 | ||
| 003 | ES-MaACL | ||
| 005 | 20230906170508.0 | ||
| 007 | t| | ||
| 008 | 040705s1927 cu ||||1| spa d | ||
| 100 | 1 |
_aGarcía Bárcena, Rafael. _954225 |
|
| 245 | 1 | 0 |
_aProa _b: poemas / _cRafael García Bárcena. |
| 260 |
_aLa Habana : _b[Pérez Sierra y Cª], _c1927. |
||
| 300 |
_a141 p. ; _c14 cm. |
||
| 852 |
_aES-MaACL _jF-4619 |
||
| 999 |
_c69328 _d69328 |
||